EUR 167,625,577.97 Sinosure-Covered and Downpayment Export Credit Facilities Agreement.2020 (Record no. 2137)

MARC details
000 -LEADER
fixed length control field 00462nam a2200145Ia 4500
008 - FIXED-LENGTH DATA ELEMENTS--GENERAL INFORMATION
fixed length control field 240429s9999||||xx |||||||||||||| ||und||
041 ## - LANGUAGE CODE
Language code of text/sound track or separate title eng
082 ## - DEWEY DECIMAL CLASSIFICATION NUMBER
Classification number PM/INGB/20
100 ## - MAIN ENTRY--PERSONAL NAME
Personal name Parliament of Ghana
245 #0 - TITLE STATEMENT
Title EUR 167,625,577.97 Sinosure-Covered and Downpayment Export Credit Facilities Agreement.2020
300 ## - PHYSICAL DESCRIPTION
Extent 132
650 ## - SUBJECT ADDED ENTRY--TOPICAL TERM
Topical term or geographic name entry element EUR 167,625,577.97 Sinosure-Covered and Downpayment Export Credit Facilities Agreement.
942 ## - ADDED ENTRY ELEMENTS (KOHA)
Koha item type Memorandum
Holdings
Withdrawn status Lost status Damaged status Not for loan Home library Current library Shelving location Date acquired Total checkouts Full call number Date last seen Copy number Price effective from Koha item type
        Main Library Main Library Open Shelves 20/12/2022   PM/INGB/20 4000 C1 - PM/INGB/20 5807 C2 29/04/2024 1 29/04/2024 Memorandum
©2026  Parliament of Ghana Library - All rights reserved